000
00326nam a22001337a 4500
008
170321b xxu||||| |||| 00| 0 eng d
020
_a
9781308351636
050
_a
HB 171.5
_b
.B37 2015
245
_a
Basic Economics/
260
_a
USA
_b
McGrawHill
_c
2015
300
_a
vi,567p
500
_a
includes index
942
_2
lcc
_c
BK
999
_c
49579
_d
49579